El ingenuo salvaje /

Salvato in:
Dettagli Bibliografici
Autore principale: Storey, David (autor)
Altri autori: Rubio Alcover, Consuelo (traducción) (traducción)
Natura: Libro
Lingua:spagnolo
Pubblicazione: Madrid, España : Impedimenta, 2019, c2019
Serie:(Impedimenta) [s.n.]
Soggetti:
Tags: Aggiungi Tag
Nessun Tag, puoi essere il primo ad aggiungerne!!

MARC

LEADER 00000nam^a2200000^a^4500
001 000627514
005 20260203000000.0
009 20260310134054.799
020 |a 978-84-17553-36-4 
037 |a Acervo ITESO - Biblioteca 
041 |a ESP 
082 |a 823.  |b STO 
100 |a Storey, David  |e (autor) 
240 1 4 |a [El ingenuo salvaje] 
245 1 3 |a El ingenuo salvaje /  |c D. Storey ; tr. de C. Rubio Alcover. 
264 4 |a Madrid, España :  |b Impedimenta,  |c 2019, c2019 
300 |a 391 p. 
336 |a texto  |b txt  |2 rdacontenido 
337 |a sin mediación  |b n  |2 rdamedio 
338 |a volumen  |b nc  |2 rdasoporte 
440 1 |a (Impedimenta) [s.n.] 
500 |a Traducción de: This Sporting Life 
521 |a FIL 2025 DIA 
545 0 |a David Storey (Wakefield, 1933 – Londres, 2017), escritor inglés. Hijo de un minero, estudió en la Slade School of Fine Art, de Londres, mientras se mantenía como jugador profesional de rugby 13 en el club Leeds. El ingenuo salvaje (1960, Premio Macmillan de Ficción), su celebrada novela inicial y reminiscente de su propia biografía deportiva y literaria, fue llevada al cine en El llanto del ídolo (1963), bajo la dirección de Lindsay Anderson y con la participación del propio Storey, quien fue finalista del Premio de la Academia Británica a Mejor Guion Británico: ambos títulos forman parte del canon, en sus respectivos ámbitos, del llamado realismo social británico de "fregadero". Flight into Camden [Fuga a Camden] (1961, Premio John Lllewellyn Rhys 1961 y Premio Somerset Maugham 1963) y Saville (1976, ganadora del Premio Booker, 1976) tienen nuevamente como protagonistas a jóvenes procedentes de localidades mineras, en tanto Pasmore (1972, finalista del Premio Booker 1972 y Premio Geoffrey Faber 1973) se suma a las visiones del novelista sobre la estructura británica de clases. Desarrolló una fructífera relación con Aderson, quien dirigió dos versiones televisivas y la escenificación de Home [Hogar] (1968, 1972 y 1970) y la puesta en escena y la adaptación fílmica de In Celebration [La celebración] (1969 y 1975). Reunió su poesía en Storey's Lives: 1951-1991 [Las vidas de Storey] (1992). Ha sido publicada póstumamente Stinging Delight: A Memoir [Deleite punzante: una memoria] (2021). 
580 |a Existe 1 tarjeta postal vinculada con el recurso, en el registro 627633 
649 |a XX 
650 |a Deportistas Profesionales en la Literatura 
650 |a Deportistas Profesionales -  |z Inglaterra -  |x Condiciones Sociales y Culturales 
650 |a Deportistas en la Literatura 
650 |a Deportistas -  |z Inglaterra -  |x Condiciones Sociales y Culturales 
650 |a Novela Inglesa 
650 |a Literatura Inglesa -  |y Siglo XXI 
650 |a Rugby en la Literatura 
650 |a Rugby -  |z Inglaterra -  |x Aspectos Sociales y Culturales 
650 |a Deportes Profesionales en la Literatura 
650 |a Deportes Profesionales -  |z Inglaterra -  |x Aspectos Sociales y Culturales 
650 |a Deportes en la Literatura 
650 |a Deportes -  |z Inglaterra -  |x Aspectos Sociales y Culturales 
700 |a Rubio Alcover, Consuelo  |e (traducción) 
910 |a Fondo General 
920 |a Impresos - Libros 
930 |a Colección General 
940 |a Literatura 
905 |a 101 
901 |a 627514-10  |b IT1  |c LIT  |i C191894  |u 20260203 
902 |a https://opac.biblio.iteso.mx/vufind/Record/000627514